| 000 | 00600nam a2200193 a 4500 | ||
|---|---|---|---|
| 001 | 000013864 | ||
| 005 | 20200929163357.0 | ||
| 008 | 800221s1972 ve 000 1 spa | ||
| 040 |
_aDO-SdBNP _cDLC _dDLC |
||
| 041 | _aBNGR | ||
| 050 | 0 | 0 |
_aPQ8549.M426 _bA15 1972 |
| 082 |
_axxx _bM543c |
||
| 100 | 1 |
_aMeneses, Guillermo, _d1911-1978 _921480 |
|
| 245 | 0 | 0 |
_aCinco novelas / _cGuillermo Meneses; prólogo de Alicia Freilich de Segal. |
| 260 |
_aCaracas : _b[s.n.], _c1972. |
||
| 300 |
_a616 p. ; _c23 cm. |
||
| 700 | 1 |
_aFreilich de Segal, Alicia _epról _931400 |
|
| 910 | _aCatalogación por copia / LC | ||
| 999 |
_c13472 _d13472 |
||